[Event "aston294"]
[Site "SchemingMind.com"]
[Date "2011.06.12"]
[Round "-"]
[White "zogger"]
[Black "emvarela"]
[Result "1-0"]
[WhiteCountry "GER"]
[BlackCountry "ARG"]
[WhiteElo "2172"]
[WhiteRD "70"]
[BlackElo "1785"]
[BlackRD "50"]
[GameID "286152"]

1. f4 d5 2. Nf3 Nf6 3. g3 g6 4. Bg2 Bg7 5. O-O O-O 6. d3 c5 7. c3 Nc6 8. Qe1 d4 9. Na3 dxc3 10. bxc3 a6
11. Rb1 Qc7 12. e4 e5 13. Nxe5 Nxe5 14. fxe5 Qxe5 15. Nc4 Qe6 16. Rb6 Qd7 17. Rbxf6 Bxf6 18. Rxf6 Qxd3 19. Nb6 Ra7 20. Nd5 b5
21. Bh6 Re8 22. Rd6 Be6 23. Nf6+
1-0

[Event "aston294"]
[Site "SchemingMind.com"]
[Date "2011.06.12"]
[Round "-"]
[White "emvarela"]
[Black "zogger"]
[Result "0-1"]
[WhiteCountry "ARG"]
[BlackCountry "GER"]
[WhiteElo "1785"]
[WhiteRD "50"]
[BlackElo "2172"]
[BlackRD "70"]
[GameID "286156"]

1. e4 e6 2. d4 d5 3. Nc3 Bb4 4. e5 c5 5. a3 Bxc3+ 6. bxc3 Ne7 7. Qg4 Qc7 8. Qxg7 Rg8 9. Qxh7 cxd4 10. Ne2 Nbc6
11. f4 Bd7 12. Qd3 dxc3 13. Qxc3 Nf5 14. Rb1 d4 15. Qd3 O-O-O 16. Rg1 Na5 17. g4 Ba4 18. gxf5 Rxg1 19. fxe6 Bxc2 20. Qb5 Rxf1+
21. Kxf1 d3 22. exf7 dxe2+
0-1

[Event "aston294"]
[Site "SchemingMind.com"]
[Date "2011.06.14"]
[Round "-"]
[White "mugen9x9"]
[Black "Wojciech  Langer"]
[Result "1-0"]
[WhiteCountry "JPN"]
[BlackCountry "INT"]
[WhiteElo "1818"]
[WhiteRD "105"]
[BlackElo "1606"]
[BlackRD "96"]
[GameID "286274"]

1. d4 d5 2. c4 c6 3. Nf3 Nf6 4. Nc3 e6 5. Bg5 h6 6. Bh4 dxc4 7. e4 g5 8. Bg3 Bg7 9. Bxc4 Qe7 10. O-O b5
11. Bb3 Nbd7 12. a4 b4 13. e5 bxc3 14. exf6 Bxf6 15. bxc3 Bb7 16. Re1 O-O 17. Qd3 a5 18. Bc2 Rfc8 19. Qh7+ Kf8 20. Qxh6+ Ke8
21. Bd3 c5 22. Ne5 cxd4 23. cxd4 Bxe5 24. dxe5 Bd5 25. Bb5 Rc7 26. h4 gxh4 27. Bxh4 Qf8 28. Qg5 f6 29. exf6 Kd8 30. Qg7
1-0

[Event "aston294"]
[Site "SchemingMind.com"]
[Date "2011.06.14"]
[Round "-"]
[White "Wojciech  Langer"]
[Black "mugen9x9"]
[Result "0-1"]
[WhiteCountry "INT"]
[BlackCountry "JPN"]
[WhiteElo "1606"]
[WhiteRD "96"]
[BlackElo "1818"]
[BlackRD "105"]
[GameID "286279"]

1. e4 c5 2. Nf3 d6 3. d4 cxd4 4. Nxd4 Nf6 5. Nc3 a6 6. Be3 Ng4 7. Qd2 e6 8. Be2 Nxe3 9. Qxe3 Be7 10. f4 Nc6
11. a3 Nxd4 12. Qxd4 O-O 13. O-O-O Qc7 14. g4 b5 15. g5 Bb7 16. h4 Rfc8 17. Rh3 d5 18. e5 Bc5 19. Qd3 d4 20. Na2 Bd5
21. Kb1 a5 22. Qxb5 Bxa3 23. Rxa3 Qxc2+ 24. Ka1 Rab8 25. Rxa5 Bxa2 26. Kxa2 Rxb5
0-1

[Event "aston294"]
[Site "SchemingMind.com"]
[Date "2011.06.16"]
[Round "-"]
[White "docjan"]
[Black "jarek55"]
[Result "0-1"]
[WhiteCountry "SWE"]
[BlackCountry "POL"]
[WhiteElo "2224"]
[WhiteRD "64"]
[BlackElo "2366"]
[BlackRD "143"]
[GameID "286783"]

1. d4 d5 2. c4 e6 3. Nf3 Nf6 4. Bg5 Be7 5. e3 h6 6. Bh4 O-O 7. Be2 b6 8. Nc3 Bb7 9. cxd5 Nxd5 10. Bxe7 Qxe7
11. Nxd5 Bxd5 12. O-O Nd7 13. Rc1 c5 14. a3 Rfd8 15. Qc2 a5 16. Rfe1 Rac8 17. Red1 Nf6 18. Ne5 Qb7 19. dxc5 Rxc5 20. Qd3 Rb8
21. Rxc5 bxc5 22. Rd2 Qc7 23. Nc4 a4 24. Bf3 Rb3 25. Qc2 g6 26. h3 Kg7 27. Qc1 Qb8 28. Be2 Ne4 29. Rc2 Qd8 30. Bf1 Qf6
31. Na5 Rb8 32. Bd3 h5 33. Nc4 Qg5 34. f3 Ng3 35. f4 Qd8 36. Rd2 h4 37. Ne5 f6 38. Nxg6 c4 39. Bb1 Rb3 40. Nxh4 Qb6
41. Kh2 Qxe3 42. Rc2 Qxc1 43. Rxc1 Ne2 44. Rc2 Nxf4 45. Rf2 Nd3 46. Bxd3 cxd3 47. Nf3 Bxf3 48. gxf3 Kg6 49. Kg3 Kf5 50. Rd2 Ke5
51. Kf2 Kd4 52. Ke1 Rb7 53. Rh2 Rg7 54. Kd2 Rg1
0-1

[Event "aston294"]
[Site "SchemingMind.com"]
[Date "2011.06.16"]
[Round "-"]
[White "jarek55"]
[Black "docjan"]
[Result "1-0"]
[WhiteCountry "POL"]
[BlackCountry "SWE"]
[WhiteElo "2366"]
[WhiteRD "143"]
[BlackElo "2224"]
[BlackRD "64"]
[GameID "286787"]

1. e4 e5 2. Nf3 Nc6 3. Bb5 a6 4. Bxc6 dxc6 5. O-O f6 6. d4 exd4 7. Nxd4 c5 8. Ne2 Qxd1 9. Rxd1 Bd7 10. Be3 O-O-O
11. Nbc3 Bd6 12. Bf4 Bxf4 13. Nxf4 Ne7 14. f3 b6 15. Ncd5 Nxd5 16. Rxd5 g5 17. Nh5 Rhf8 18. g4 Be6 19. Rxd8+ Kxd8 20. h4 h6
21. Kf2 Ke7 22. Ng3 a5 23. Rh1 Bxa2 24. Nf5+ Kd7 25. Nxh6 gxh4 26. Rxh4 a4 27. Rh1 Be6 28. f4 Ke7 29. Ke3 c4 30. c3 Rd8
31. f5 Bd7 32. g5 fxg5 33. Ng4 Rf8 34. Ne5 Bxf5 35. exf5 Rxf5 36. Nxc4 b5 37. Nd2 Re5+ 38. Kd3 Rd5+ 39. Kc2 c5 40. Ne4 Kf7
41. Rd1 Re5 42. Nd6+ Kg6 43. Nxb5 g4 44. Nd6 Re2+ 45. Kd3 Rxb2 46. Ra1 Rb6 47. Ne4 c4+ 48. Ke3 Ra6 49. Kf4 a3 50. Kxg4 a2
51. Kf4 Ra4 52. Ke5 Ra8 53. Kd4
1-0

[Event "aston294"]
[Site "SchemingMind.com"]
[Date "2011.06.29"]
[Round "-"]
[White "Gnagflow"]
[Black "concave"]
[Result "0-1"]
[WhiteCountry "GER"]
[BlackCountry "GER"]
[WhiteElo "1820"]
[WhiteRD "84"]
[BlackElo "2200"]
[BlackRD "89"]
[GameID "287679"]

1. e4 c5 2. Nf3 e6 3. d4 cxd4 4. Qxd4 Nc6 5. Qd1 Nf6 6. Bc4 Nxe4 7. O-O Be7 8. Be3 O-O 9. a3 d5 10. Ba2 Bf6
11. c3 b6 12. Qd3 Qc7 13. Nbd2 Nc5 14. Qc2 Ba6 15. c4 d4 16. Ng5 Rfd8 17. Nxh7 dxe3 18. Nxf6+ gxf6 19. fxe3 Qe5 20. Rf3 Kf8
21. Rd1 Nd3 22. Rb1 Bb7 23. Rh3 Ke7 24. b4 Rh8 25. Nf3 Qxe3+ 26. Kh1 Rxh3 27. Rf1 Rxf3 28. gxf3 Nd4 29. Qg2 Bxf3 30. Rxf3 Nxf3
31. Qg3 Nf4 32. h4 Qc1+ 33. Qg1 Qxg1#
0-1

[Event "aston294"]
[Site "SchemingMind.com"]
[Date "2011.06.29"]
[Round "-"]
[White "concave"]
[Black "Gnagflow"]
[Result "1-0"]
[WhiteCountry "GER"]
[BlackCountry "GER"]
[WhiteElo "2167"]
[WhiteRD "90"]
[BlackElo "1905"]
[BlackRD "91"]
[GameID "287686"]

1. d4 Nf6 2. c4 g6 3. Nc3 Bg7 4. e4 d6 5. f4 O-O 6. Nf3 c5 7. d5 e6 8. Be2 a6 9. O-O b5 10. cxb5 axb5
11. Bxb5 Qb6 12. Qe2 Nxe4 13. Qxe4 Bxc3 14. Bc4 Bxb2 15. Bxb2 Qxb2 16. Rab1 f5 17. dxe6
1-0

[Event "aston294"]
[Site "SchemingMind.com"]
[Date "2011.07.26"]
[Round "-"]
[White "kenneth m day"]
[Black "mugen9x9"]
[Result "0-1"]
[WhiteCountry "USA"]
[BlackCountry "JPN"]
[WhiteElo "1943"]
[WhiteRD "55"]
[BlackElo "1906"]
[BlackRD "92"]
[GameID "289221"]

1. d4 Nf6 2. Nf3 e6 3. Bf4 b6 4. e3 Be7 5. h3 O-O 6. Be2 Nh5 7. Bh2 Bb7 8. Nbd2 f5 9. Ne5 Nf6 10. Bf3 d5
11. Rg1 Ne4 12. Nxe4 dxe4 13. Be2 Bd5 14. g4 fxg4 15. Bxg4 Nd7 16. Qe2 Bh4 17. Bg3 Nxe5 18. dxe5 Bxg3 19. Rxg3 Qe7 20. a3 Qc5
21. O-O-O Bc4 22. Qd2 Qxe5 23. Qd4 Qxd4 24. Rxd4 Bd5 25. c4 c5 26. Rd2 Bxc4 27. Kc2 Rad8 28. Rxd8 Rxd8 29. Kc3 b5 30. b3 Rd3+
31. Kc2 Bxb3+ 32. Kb2 Kf7 33. Bh5+ g6 34. Be2 Rd2+ 35. Kxb3 Rxe2 36. Rg4 Rxf2 37. Rxe4 Kf6
0-1

[Event "aston294"]
[Site "SchemingMind.com"]
[Date "2011.07.26"]
[Round "-"]
[White "mugen9x9"]
[Black "kenneth m day"]
[Result "1-0"]
[WhiteCountry "JPN"]
[BlackCountry "USA"]
[WhiteElo "1906"]
[WhiteRD "92"]
[BlackElo "1943"]
[BlackRD "55"]
[GameID "289229"]

1. d4 d5 2. c4 Nc6 3. Nc3 Nf6 4. Nf3 dxc4 5. e4 Bg4 6. Be3 e6 7. Bxc4 Bb4 8. Qc2 O-O 9. Rd1 Bxf3 10. gxf3 Nh5
11. e5 Qh4 12. Qe4 Qe7 13. Bd3 f5 14. exf6 Nxf6 15. Qh4 g6 16. Bh6 Rf7 17. Kf1 Rd8 18. Rg1 Rxd4 19. f4 Nd5 20. Qxe7 Ncxe7
21. Ne2 Nf5 22. Nxd4 Nxh6 23. Nxe6 Nxf4 24. Bc4 Nxe6 25. Bxe6 Kg7 26. Bxf7 Nxf7 27. Rd7 Bd6 28. Kg2 Kf6 29. Re1 h5 30. f4 Nh6
31. Kf3 Nf5 32. Rd1 Ke6 33. Rd8 Ne7 34. Re1+ Kf7 35. Rd7 Ke8 36. Rexe7+ Bxe7 37. Rxc7
1-0

[Event "aston294"]
[Site "SchemingMind.com"]
[Date "2011.09.10"]
[Round "-"]
[White "zogger"]
[Black "mugen9x9"]
[Result "1-0"]
[WhiteCountry "GER"]
[BlackCountry "JPN"]
[WhiteElo "2132"]
[WhiteRD "72"]
[BlackElo "1812"]
[BlackRD "82"]
[GameID "292374"]

1. f4 Nf6 2. Nf3 d5 3. e3 Nc6 4. Be2 Bf5 5. O-O g6 6. d3 Bg7 7. c3 O-O 8. Nbd2 a5 9. a4 Qd6 10. Nb3 e5
11. fxe5 Nxe5 12. Nbd4 Bd7 13. Nxe5 Qxe5 14. Qe1 Ng4 15. Bxg4 Bxg4 16. h3 Bd7 17. Bd2 Ra6 18. Qh4 Re8 19. Nf3 Qe7 20. Qxe7 Rxe7
21. d4 Bf5 22. Rfc1 Bh6 23. Re1 Be4 24. Kf2 f6 25. b4 Re8 26. b5 Rae6 27. g4 c6 28. bxc6
1-0

[Event "aston294"]
[Site "SchemingMind.com"]
[Date "2011.09.10"]
[Round "-"]
[White "mugen9x9"]
[Black "zogger"]
[Result "0-1"]
[WhiteCountry "JPN"]
[BlackCountry "GER"]
[WhiteElo "1812"]
[WhiteRD "82"]
[BlackElo "2132"]
[BlackRD "72"]
[GameID "292378"]

1. d4 c6 2. e4 d5 3. exd5 cxd5 4. c4 Nf6 5. Nc3 Nc6 6. Nf3 Bg4 7. Be3 e6 8. c5 Be7 9. Be2 Ne4 10. O-O O-O
11. h3 Bh5 12. Bf4 Bf6 13. a3 Rc8 14. Rc1 Bxf3 15. Bxf3 Ng5 16. Bxg5 Bxg5 17. Rb1 Qf6 18. Ne2 Na5 19. Qd3 b6 20. b4 Nc4
21. Rfd1 Rfd8 22. a4 a5 23. cxb6 Nxb6 24. bxa5 Nc4 25. a6 Ra8 26. Nc3 Rxa6 27. Ne4 Qe7 28. Nc5 Ra7 29. Rb5 Qe8
0-1

[Event "aston294"]
[Site "SchemingMind.com"]
[Date "2011.09.11"]
[Round "-"]
[White "concave"]
[Black "jarek55"]
[Result "0-1"]
[WhiteCountry "GER"]
[BlackCountry "POL"]
[WhiteElo "2187"]
[WhiteRD "90"]
[BlackElo "2446"]
[BlackRD "128"]
[GameID "292726"]

1. c4 e5 2. Nc3 Nf6 3. g3 Bb4 4. Bg2 O-O 5. Nf3 Re8 6. O-O e4 7. Nd4 Nc6 8. Nf5 d5 9. cxd5 Nxd5 10. Nxd5 Qxd5
11. Ne3 Qb5 12. a3 Bf8 13. d4 exd3 14. exd3 Rd8 15. b4 Be6 16. Bb2 a5 17. Qc2 Qxd3 18. Qxd3 Rxd3 19. b5 Nd8 20. Rfd1 Rxd1+
21. Rxd1 c6 22. bxc6 Nxc6 23. Kf1 a4 24. Ke2 Ra5 25. Bd5 Rb5 26. Rd2 Bxd5 27. Nxd5 Nd4+ 28. Bxd4 Rxd5 29. Bb2 Rxd2+ 30. Kxd2 Bc5
31. f3 f5 32. g4 fxg4 33. fxg4 Bd6 34. h3 Kf7 35. Ke3 Kg6 36. Kd3 Kg5 37. Kc4 g6
0-1

[Event "aston294"]
[Site "SchemingMind.com"]
[Date "2011.09.11"]
[Round "-"]
[White "jarek55"]
[Black "concave"]
[Result "1-0"]
[WhiteCountry "POL"]
[BlackCountry "GER"]
[WhiteElo "2446"]
[WhiteRD "128"]
[BlackElo "2187"]
[BlackRD "90"]
[GameID "292731"]

1. e4 c5 2. Nf3 e6 3. Nc3 Nc6 4. d4 cxd4 5. Nxd4 a6 6. Nxc6 bxc6 7. Bd3 d5 8. O-O Bd6 9. Re1 Ne7 10. Qh5 d4
11. Ne2 e5 12. c3 c5 13. b4 Qc7 14. bxc5 Qxc5 15. cxd4 exd4 16. Qxc5 Bxc5 17. Bb2 O-O 18. Rec1 Rb8 19. Rab1 Rxb2 20. Rxb2 Ba3
21. Rbc2 Bxc1 22. Rxc1 Rd8 23. Rc4 Be6 24. Rxd4 Rxd4 25. Nxd4 Bxa2 26. Bxa6 g5 27. f3 f6 28. Kf2 Ng6 29. Ke3 h5 30. g3 h4
31. Bb7 hxg3 32. hxg3 Bf7 33. Bd5 Kg7 34. Nc6 Be8 35. Nb4 Ba4 36. Be6 Ne7 37. Ba2 Kf8 38. Kd3 Nc6 39. Nd5 Ne5+ 40. Ke3 Kg7
41. f4 gxf4+ 42. gxf4 Ng6 43. Bc4 Bd7 44. Bb3 Bc6 45. Nb4 Bd7 46. Bd1=
1-0

[Event "aston294"]
[Site "SchemingMind.com"]
[Date "2011.11.01"]
[Round "-"]
[White "jarek55"]
[Black "zogger"]
[Result "1-0"]
[WhiteCountry "POL"]
[BlackCountry "GER"]
[WhiteElo "2471"]
[WhiteRD "124"]
[BlackElo "2148"]
[BlackRD "71"]
[GameID "296175"]

1. e4 c6 2. Nf3 d5 3. Nc3 dxe4 4. Nxe4 Bf5 5. Ng3 Bg6 6. h4 h6 7. Ne5 Bh7 8. Qh5 g6 9. Qf3 Nf6 10. Qb3 Qd5
11. Qxb7 Qxe5+ 12. Be2 e6 13. a4 Bc5 14. c3 O-O 15. d4 Bxd4 16. cxd4 Qa5+ 17. b4 Qb6 18. Qxb6 axb6 19. Bxh6 Rc8 20. a5 Nd5
21. Bd2 Na6 22. Bxa6 Rxa6 23. Ne4 Rb8 24. Ke2 Re8 25. Rhc1 bxa5 26. Nc5 Ra7 27. bxa5 e5 28. dxe5 Rxe5+ 29. Kf3
1-0

[Event "aston294"]
[Site "SchemingMind.com"]
[Date "2011.11.01"]
[Round "-"]
[White "zogger"]
[Black "jarek55"]
[Result "0-1"]
[WhiteCountry "GER"]
[BlackCountry "POL"]
[WhiteElo "2148"]
[WhiteRD "71"]
[BlackElo "2471"]
[BlackRD "124"]
[GameID "296176"]

1. e4 e5 2. f4 exf4 3. Bc4 Nc6 4. d4 Qh4+ 5. Kf1 d6 6. Nf3 Bg4 7. Bb5 a6 8. Bxc6+ bxc6 9. Bxf4 Qf6 10. Be3 Rb8
11. b3 d5 12. Nd2 Qe6 13. h3 Bh5 14. e5 Ba3 15. g4 Bg6 16. Kg2 Ne7 17. Qe2 O-O 18. Ng5 Qc8 19. Ngf3 Bxc2 20. Nc4 dxc4
21. Qxc2 Nd5 22. Rhe1 cxb3 23. axb3 Bb4 24. Re2 Qb7 25. Bc1 Rfe8 26. Qc4 a5 27. Rc2 c5 28. dxc5 c6 29. Qd4 Rbd8 30. Qc4 Qd7
0-1